BRS Physiology (Record no. 2023)

MARC details
000 -LEADER
fixed length control field 00524nam a22002057a 4500
003 - CONTROL NUMBER IDENTIFIER
control field OSt
005 - DATE AND TIME OF LATEST TRANSACTION
control field 20251118020003.0
008 - FIXED-LENGTH DATA ELEMENTS--GENERAL INFORMATION
fixed length control field 150611b xxu||||| |||| 00| 0 eng d
020 ## - INTERNATIONAL STANDARD BOOK NUMBER
International Standard Book Number 9781469832005
040 ## - CATALOGING SOURCE
Transcribing agency DNLM
082 ## - DEWEY DECIMAL CLASSIFICATION NUMBER
Classification number QT18 C76p 2015
100 ## - MAIN ENTRY--PERSONAL NAME
Personal name Costanzo, Linda S.
9 (RLIN) 1181
245 ## - TITLE STATEMENT
Title BRS Physiology
250 ## - EDITION STATEMENT
Edition statement 6th ed.
260 ## - PUBLICATION, DISTRIBUTION, ETC. (IMPRINT)
Place of publication, distribution, etc. Philadelphia;
Name of publisher, distributor, etc. Wolters kluwer,
Date of publication, distribution, etc. 2015
300 ## - PHYSICAL DESCRIPTION
Extent x,318p;
Other physical details col.ill:
Dimensions 25cm
504 ## - BIBLIOGRAPHY, ETC. NOTE
Bibliography, etc Answers, & index included
650 ## - SUBJECT ADDED ENTRY--TOPICAL TERM
Topical term or geographic name as entry element Physiology
9 (RLIN) 215
942 ## - ADDED ENTRY ELEMENTS (KOHA)
Source of classification or shelving scheme Other/Generic Classification Scheme
Koha item type Short Loan
Koha issues (borrowed), all copies 2
Holdings
Withdrawn status Lost status Source of classification or shelving scheme Damaged status Not for loan Home library Current library Date acquired Source of acquisition Inventory number Total Checkouts Full call number Barcode Date last seen Koha item type Date last checked out Total Renewals
    Other/Generic Classification Scheme     MUST Main Library MUST Main Library 11/06/2015   15/38911   QT18 C76p 2015 2015-1844 11/06/2015 Short Loan    
    Other/Generic Classification Scheme     MUST Main Library MUST Main Library 11/06/2015   15/38912   QT18 C76p 2015 2015-1845 11/06/2015 Short Loan    
    Other/Generic Classification Scheme     MUST Main Library MUST Main Library 24/11/2017 Purchase 17/40289 7 QT18 C76p 2015 2017-0895 25/11/2025 Open Shelf 17/11/2025  
    Other/Generic Classification Scheme     MUST Main Library MUST Main Library 24/11/2017   17/40290 5 QT18 C76p 2015 2017-0896 07/03/2023 Open Shelf 21/02/2023 1